000 00463nam a2200157Ia 4500
003 GCL
008 140319s9999 xx 000 0 ara d
040 _aGCL /
_cGCL
082 0 4 _aد
_b050
100 1 _aاحمد ابراهيم ابو سنة
245 1 0 _aتجارب نقدية و قضايا ادبية (اقرا 519 ) /
_cاحمد ابراهيم ابو سنة
300 _a180
490 _aاقرأ
_v0
650 0 4 _aالنقد الادبى
942 _2ddc
_cBK
999 _c49053
_d49053